000 00722nam a2200265 a 4500
001 Rebiun06598436
003 AR-RoIUNI
005 20251002121357.0
007 t
008 990712s1973 sp d 001 0 spa c
017 _aM 21473-1973
020 _a84511213600
040 _cAR-RoIUNI
080 _a159.9
100 1 _aLewin, Kurt
245 1 0 _aDinamica de la personalidad
_b: seleccion de articulos /
_cKurt Lewin ; traduccion y prologo de A. Alvarez Villar
250 _a1 reimpr
260 _aMadrid :
_bMorata,
_c1973
300 _a291 p. :
_bil., graf. ;
_c22 cm
500 _aIndexs
650 0 4 _aPersonalitad
650 0 4 _aConducta (Psicologia)
650 0 4 _aPsicologia
_9108
942 _2cdu
_cBK
999 _c6316
_d6316